000 00390 a2200157 4500
001 170199
020 _a
040 _cMagnum
100 _aSantos, Maria Lucia Dos
240 1 0 _aA expressao livre no aprendizado da lingua portuguesa
_lpor
245 1 0 _aA expressao livre no aprendizado da lingua portuguesa
362 0 _a1899
440 1 _aScipione
697 _aENSINO
942 _cBK
999 _c170199
_d170199